Analysis of vertebrate structure / (Record no. 7000)

MARC details
000 -LEADER
fixed length control field 01006cam a2200325 a 4500
001 - CONTROL NUMBER
control field 542059
003 - CONTROL NUMBER IDENTIFIER
control field OSt
005 - DATE AND TIME OF LATEST TRANSACTION
control field 20210823123448.0
008 - FIXED-LENGTH DATA ELEMENTS--GENERAL INFORMATION
fixed length control field 810813s1982 xxu|||| |||| 00||0|eng
010 ## - LIBRARY OF CONGRESS CONTROL NUMBER
LC control number 81-13049
020 ## - INTERNATIONAL STANDARD BOOK NUMBER
International Standard Book Number 9780471090588
020 ## - INTERNATIONAL STANDARD BOOK NUMBER
International Standard Book Number 0471090581
040 ## - CATALOGING SOURCE
Original cataloging agency DNLM
Transcribing agency DNLM
041 0# - LANGUAGE CODE
Language code of text/sound track or separate title eng
060 00 - NATIONAL LIBRARY OF MEDICINE CALL NUMBER
Classification number QL 805
Item number H642a 1982
082 ## - DEWEY DECIMAL CLASSIFICATION NUMBER
Classification number SF761H54a 1982
100 1# - MAIN ENTRY--PERSONAL NAME
Personal name Hildebrand, Milton,
Dates associated with a name 1918-
9 (RLIN) 14356
245 10 - TITLE STATEMENT
Title Analysis of vertebrate structure /
Statement of responsibility, etc. Milton Hildebrand.
250 ## - EDITION STATEMENT
Edition statement 2nd ed.
260 ## - PUBLICATION, DISTRIBUTION, ETC. (IMPRINT)
Place of publication, distribution, etc. New York :
Name of publisher, distributor, etc. Wiley,
Date of publication, distribution, etc. c1982.
300 ## - PHYSICAL DESCRIPTION
Extent xiv, 654 p. :
Other physical details ill.
336 ## - CONTENT TYPE
Content type term text
Content type code txt
Source rdacontent
337 ## - MEDIA TYPE
Media type term unmediated
Media type code n
Source rdamedia
338 ## - CARRIER TYPE
Carrier type term volume
Carrier type code nc
Source rdacarrier
504 ## - BIBLIOGRAPHY, ETC. NOTE
Bibliography, etc Bibliography: p. [605]-619.
650 #2 - SUBJECT ADDED ENTRY--TOPICAL TERM
Topical term or geographic name as entry element Anatomy, Comparative
Authority record control number https://id.nlm.nih.gov/mesh/D000717
9 (RLIN) 14357
650 #2 - SUBJECT ADDED ENTRY--TOPICAL TERM
Topical term or geographic name as entry element Vertebrates
General subdivision anatomy & histology
Authority record control number https://id.nlm.nih.gov/mesh/D014714Q000033
9 (RLIN) 14358
942 ## - ADDED ENTRY ELEMENTS (KOHA)
Source of classification or shelving scheme Dewey Decimal Classification
Koha item type Open Shelf
Holdings
Withdrawn status Lost status Source of classification or shelving scheme Damaged status Not for loan Home library Current library Date acquired Source of acquisition Inventory number Total Checkouts Full call number Barcode Date last seen Price effective from Koha item type
    Dewey Decimal Classification     MUST Main Library MUST Main Library 23/08/2021 Purchase 99/13076   SF761H54a 1982 2021-0676 23/08/2021 23/08/2021 Open Shelf